Asian City to Country #1 - Statistics

General Stats
  • This quiz has been taken 20 times
    16 since last reset
  • The average score is 49 of 60
Answer Stats
Question Tile Select % Correct
Cities in Vietnam. Bago No
100%
Cities in Indonesia. Bandar Seri Begawan No
100%
Cities in Malaysia. Davao City No
100%
Cities in Indonesia. Kajang No
100%
Cities in Malaysia. Kuala Lumpur Yes
100%
Cities in Malaysia. Kuala Terengganu Yes
100%
Cities in the Philippines. Medan No
100%
Cities in the Philippines. Miri No
100%
Cities in Malaysia. Phuket No
100%
Cities in Vietnam. Siem Reap No
100%
Cities in Malaysia. Singapore No
100%
Cities in Vietnam. Zhanjiang No
100%
Cities in Thailand. Bandung No
92%
Cities in Indonesia. Bandung Yes
92%
Cities in the Philippines. Cagayan de Oro Yes
92%
Cities in Indonesia. Delft No
92%
Cities in Indonesia. Denpasar Yes
92%
Cities in Vietnam. Hanoi Yes
92%
Cities in Vietnam. Hoi An Yes
92%
Cities in Indonesia. Jakarta Yes
92%
Cities in Thailand. Kunming No
92%
Cities in Thailand. Mandalay No
92%
Cities in the Philippines. Manila Yes
92%
Cities in the Philippines. Quezon City Yes
92%
Cities in Vietnam. Taiping No
92%
Cities in the Philippines. Tottori No
92%
Cities in the Philippines. Valencia No
92%
Cities in the Philippines. Cebu Yes
83%
Cities in Vietnam. Ho Chi Minh City Yes
83%
Cities in Malaysia. Johor Bahru Yes
83%
Cities in Malaysia. Kota Kinabalu Yes
83%
Cities in Thailand. Krabi Yes
83%
Cities in Malaysia. Mentiri No
83%
Cities in Vietnam. Nha Trang Yes
83%
Cities in Malaysia. Palembang No
83%
Cities in Thailand. Pattaya Yes
83%
Cities in Indonesia. Petaling Jaya No
83%
Cities in Thailand. Seremban No
83%
Cities in the Philippines. Angeles Yes
75%
Cities in Thailand. Bangkok Yes
75%
Cities in Thailand. Chiang Mai Yes
75%
Cities in the Philippines. Consuegra No
75%
Cities in Vietnam. Da Nang Yes
75%
Cities in Thailand. Kangar No
75%
Cities in Thailand. Luang Prabang No
75%
Cities in Malaysia. Padang No
75%
Cities in Indonesia. Surabaya Yes
75%
Cities in Malaysia. George Town Yes
67%
Cities in Vietnam. Hua Hin No
67%
Cities in the Philippines. Iloilo City Yes
67%
Cities in Malaysia. Ipoh Yes
67%
Cities in Indonesia. Makassar Yes
67%
Cities in Indonesia. Yogyakarta Yes
67%
Cities in Thailand. Phitsanulok Yes
58%
Cities in Indonesia. Putrajaya No
58%
Cities in Thailand. Hat Yai Yes
50%
Cities in Vietnam. Hue Yes
50%
Cities in the Philippines. Baguio Yes
42%
Cities in Indonesia. Bekasi Yes
42%
Cities in Vietnam. Vang Vieng No
42%
No matching quizzes found
Score Distribution
Percent of People with Each Score
Percentile by Number Answered
Your Score History
You have not taken this quiz since the last reset